=LDR 00000nam 2200000 4500 =001 INLIS000000000000828 =005 20130612085242 =008 ***********************************Ind** =035 ##$$0010-061300000000828 =041 ##$$a Ind =082 ##$$a 92(Suryaningrat) =090 ##$$a 92(Suryaningrat), Suw-s =100 ##$$a Suwito, Irna HN. Hadi =245 ##$$a Suwardi Suryaningrat dalam pengasingan, Irna HN Hadi Suwito =260 ##$$a 1985 $b Jakarta =300 ##$$a 114 hlm, ilus, 21 cm =650 ##$$a Suryaningrat, Suwardi, 1889-1959 =850 ##$$a NBPNMAT